| 000 | 01159cam a22003132 4500 | ||
|---|---|---|---|
| 001 | 0000025513 | ||
| 005 | 20151217154550.0 | ||
| 008 | 151012s xx 000 0 eng d | ||
| 020 | _a0414023253 : | ||
| 040 |
_aKABU _cKABU |
||
| 100 | 1 |
_aChuah, J. C. T. _@0000158686 |
|
| 245 | 1 | 0 |
_aLaw of international trade : _bcross-border commercial transactions / _cJ. C. T. Chuah. |
| 250 | _a5th ed. | ||
| 260 |
_aLondon : _bSweet & Maxwell, _c2013. |
||
| 300 | _alx, 846 p. | ||
| 650 | 0 |
_aExport sales contracts. _@0000158687 |
|
| 908 | _a151012 | ||
| 950 | _@1 | ||
| 999 |
_c11766 _d11766 |
||